| 000 | 00928cam a22002771 4500 | ||
|---|---|---|---|
| 001 | 1768 | ||
| 003 | BD-RjUL | ||
| 005 | 20211208233416.0 | ||
| 008 | 131209s1966 enk b 000 0 eng | ||
| 035 | _a(BD-RjUL)1795 | ||
| 040 |
_aDLC _cDLC _dDLC _dBD-RjUL _beng |
||
| 041 | _aeng | ||
| 082 | 0 | 0 |
_a327.0917165 _216 _bMIP 1966 |
| 100 | 1 |
_aMiller, J. D. B. _q(John Donald Bruce), _d1922- _95857 |
|
| 245 | 1 | 4 |
_aThe politics of the third world / _cby J. D. B. Miller. |
| 260 |
_aLondon ; _aNew York : _bOxford University Press, _cc1966 |
||
| 300 |
_axiv, 126 p. _c21 cm. |
||
| 500 | _a"Issued under the auspices of the Royal Institute of International Affairs." | ||
| 504 | _aBibliographical footnotes. | ||
| 650 | 0 |
_aWorld politics _y1955-1965. _94331 |
|
| 650 | 0 |
_aAfro-Asian politics. _95858 |
|
| 710 | 2 |
_aRoyal Institute of International Affairs. _95859 |
|
| 942 |
_2ddc _cBK |
||
| 999 |
_c1768 _d1768 |
||